ਏਹ੍ਹ ਹੈ ਬਾਰਬੀ ਸੰਸਾਰ / (Record no. 110394)

MARC details
000 -LEADER
fixed length control field 01009nam a22002537a 4500
005 - DATE AND TIME OF LATEST TRANSACTION
control field 20170123164152.0
010 ## - LIBRARY OF CONGRESS CONTROL NUMBER
LC control number B-124483
020 ## - INTERNATIONAL STANDARD BOOK NUMBER
Terms of availability 175.00
International Standard Book Number 8178832305
035 ## - SYSTEM CONTROL NUMBER
System control number B-124483
037 ## - SOURCE OF ACQUISITION
Source of stock number/acquisition Cen Lib / Ret
040 ## - CATALOGING SOURCE
Original cataloging agency DPL
Language of cataloging PN
082 ## - DEWEY DECIMAL CLASSIFICATION NUMBER
Classification number 850.8
Item number ਸੁਰਜ
100 ## - MAIN ENTRY--PERSONAL NAME
Personal name ਸੁਰਜਨ ਜੀਰਵੀ
9 (RLIN) 126838
245 ## - TITLE STATEMENT
Title ਏਹ੍ਹ ਹੈ ਬਾਰਬੀ ਸੰਸਾਰ /
Statement of responsibility, etc ਸੁਜਾਨ ਜੀਰਵੀ
Remainder of title ਪੱਦ /
246 ## - VARYING FORM OF TITLE
Title proper/short title Ehh hai barbie sansaar : prose /
Remainder of title by Surjan Zeervi
260 ## - PUBLICATION, DISTRIBUTION, ETC. (IMPRINT)
Place of publication, distribution, etc ਲੁਧਿਆਣਾ
Name of publisher, distributor, etc ਚੇਤਨਾ ਪ੍ਰਕਾਸ਼ਨ
Date of publication, distribution, etc 2005
270 ## - ADDRESS
Address ਪੰਜਾਬੀ ਭਵਨ
City ਲੁਧਿਆਣਾ
300 ## - PHYSICAL DESCRIPTION
Extent 174p.
Dimensions 21cm(pbk)
650 ## - SUBJECT ADDED ENTRY--TOPICAL TERM
Topical term or geographic name as entry element ਪੰਜਾਬੀ ਸਾਹਿਤ
9 (RLIN) 126839
650 ## - SUBJECT ADDED ENTRY--TOPICAL TERM
Topical term or geographic name as entry element ਪੰਜਾਬੀ ਕਹਾਣੀਆਂ
9 (RLIN) 126840
650 ## - SUBJECT ADDED ENTRY--TOPICAL TERM
Topical term or geographic name as entry element Punjabi Literature -- prose
9 (RLIN) 126841
650 ## - SUBJECT ADDED ENTRY--TOPICAL TERM
Topical term or geographic name as entry element ਪੰਜਾਬੀ ਸਾਹਿਤ -- ਪਦ
9 (RLIN) 7399
942 ## - ADDED ENTRY ELEMENTS (KOHA)
Source of classification or shelving scheme Dewey Decimal Classification
Koha item type Punjabi Bks
Classification part 850.8
Call number suffix ਸੁਰਜ
Holdings
Withdrawn status Lost status Damaged status Not for loan Home library Current library Date acquired Source of acquisition Cost, normal purchase price Total Checkouts Full call number Barcode Date last seen Copy number Cost, replacement price Price effective from Koha item type
        Central Library Central Library 21/01/2016 Cen Lib/Ret 175.00   850.8 ਸੁਰਜ B-124483 21/01/2016 1 175.00 21/01/2016 Punjabi Bks

© Delhi Public Library
Hit Counter
free hit counter